La vida de la primitiva iglesia

Đã lưu trong:
Chi tiết về thư mục
Tác giả chính: Drane, John William (Tác giả)
Định dạng: Sách
Ngôn ngữ:Tiếng Tây Ban Nha
Được phát hành: Pamplona Verbo Divino 1987
Những chủ đề:
Các nhãn: Thêm thẻ
Không có thẻ, Là người đầu tiên thẻ bản ghi này!

MARC

LEADER 00000nam a2200000 a 4500
001 UCL5109
003 CL-VaPUC
008 040305e19870000SP |||||||||||||||||spa|d
020 |a 8471514095 
082 0 4 |a 270.1  |b DRA  |2 21 
100 0 |a Drane, John William  |e author  |9 482785 
245 1 3 |a La vida de la primitiva iglesia 
300 |a 140 p 
942 |c BK 
945 |d 20040305 00:00:00  |a vberengu 
260 |a Pamplona  |b Verbo Divino  |c 1987 
650 0 |a Historia de la iglesia   |9 257565 
650 0 |a Biblia  |9 257603 
583 |a last modification  |c 20130402 08:26:49  |k Rodrigo Vera 
999 |c 307778  |d 307776 
952 |0 0  |1 0  |4 0  |6 270_100000000000000_DRA_1987  |7 0  |8 A  |9 373896  |a BIBTEO  |b BIBTEO  |d 2019-11-21  |i 2104067  |o 270.1 DRA 1987  |p 2104067  |r 2025-01-17  |w 2019-11-21  |y BK  |k ICR